[Event "PILSEN OPEN 2018 - FIDE open"]
[Site "Plzen"]
[Date "2018.11.24"]
[Round "7"]
[White "Dambrauskas, Virginijus"]
[Black "Lys, Josef"]
[Result "1/2-1/2"]
[WhiteElo "2298"]
[BlackElo "2063"]
[PlyCount "72"]
[EventDate "2018.11.18"]

1. Nf3 d5 2. c4 c6 3. e3 Nf6 4. Nc3 g6 5. b3 Bg7 6. Bb2 O-O 7. Be2 Bg4 8. h3
Bxf3 9. Bxf3 e6 10. O-O Nbd7 11. cxd5 exd5 12. d4 Re8 13. Qc2 Nb6 14. Ba3 h6
15. Bc5 Nc8 16. a4 a5 17. Be2 Bf8 18. Bxf8 Kxf8 19. Bd3 Kg7 20. Ne2 Nd6 21. Nf4
Ng8 22. Rfe1 Ne4 23. Rac1 Qd6 24. Bxe4 Rxe4 25. Nd3 Re7 26. Qc5 Qxc5 27. Rxc5
Nf6 28. Rb1 Ne4 29. Rc2 Nd6 30. Ne5 f6 31. Nf3 Kf7 32. Kf1 g5 33. Ke2 Ne4 34.
Nd2 Nxd2 35. Kxd2 Ke6 36. Kd3 h5 1/2-1/2

[Event "PILSEN OPEN 2018 - FIDE open"]
[Site "Plzen"]
[Date "2018.11.24"]
[Round "7"]
[White "Palek, Miroslav"]
[Black "Simet, Martin"]
[Result "0-1"]
[WhiteElo "2166"]
[BlackElo "2165"]
[PlyCount "70"]
[EventDate "2018.11.18"]

1. e4 d6 2. d4 Nf6 3. Nc3 e5 4. Nge2 exd4 5. Nxd4 Be7 6. g3 O-O 7. Bg2 Re8 8.
O-O c5 9. Nde2 Nc6 10. Nf4 Bf8 11. Nfd5 Nxd5 12. Nxd5 Be6 13. Be3 Rc8 14. f4
Nd4 15. Nc3 d5 16. exd5 Bf5 17. Bf2 Qb6 18. Qc1 Re2 19. Na4 Qa6 20. Nc3 Rxc2
21. Qd1 Rxb2 22. Re1 Nc2 23. Re5 Nxa1 24. Qxa1 Qa3 25. Qe1 Bd3 26. d6 Rc2 27.
Bxb7 Rd8 28. Nd1 Rc1 29. Bf3 Bc2 30. Kg2 Qa4 31. Qd2 Rxd1 32. Bxd1 Bxd1 33.
Bxc5 Qc6+ 34. Kh3 f6 35. Rd5 Bf3 0-1

[Event "PILSEN OPEN 2018 - FIDE open"]
[Site "Plzen"]
[Date "2018.11.24"]
[Round "7"]
[White "Chudinovskikh, Alexander M"]
[Black "Barbier, Wim"]
[Result "1-0"]
[WhiteElo "2207"]
[BlackElo "2077"]
[PlyCount "53"]
[EventDate "2018.11.18"]

1. e4 d6 2. d4 Nf6 3. Nc3 e5 4. Nf3 Nbd7 5. Bc4 Be7 6. O-O O-O 7. a4 c6 8. a5
Rb8 9. Re1 Qc7 10. h3 b5 11. axb6 axb6 12. Ba2 b5 13. Bg5 exd4 14. Nxd4 Nc5 15.
Qf3 b4 16. Nce2 Ne6 17. Bh4 c5 18. Nf5 Bb7 19. Neg3 Nd4 20. Nxd4 cxd4 21. Nf5
Bd8 22. Bg3 Qxc2 23. Nxd6 Bb6 24. Rec1 Qxb2 25. Nc4 Bxe4 26. Nxb2 Bxf3 27. Bxb8
1-0

[Event "PILSEN OPEN 2018 - FIDE open"]
[Site "Plzen"]
[Date "2018.11.24"]
[Round "7"]
[White "Moreno Martin, Daniel"]
[Black "Pacl, Vaclav"]
[Result "1/2-1/2"]
[WhiteElo "2190"]
[BlackElo "1998"]
[PlyCount "177"]
[EventDate "2018.11.18"]

1. e4 d5 2. exd5 Qxd5 3. Nc3 Qa5 4. d4 Nf6 5. Bd2 Bf5 6. Bc4 c6 7. Nd5 Qd8 8.
Nxf6+ gxf6 9. c3 e6 10. Qf3 h5 11. Ne2 Nd7 12. Nf4 Nb6 13. Bb3 Bg4 14. Qg3 Bd6
15. h3 Bf5 16. Qf3 h4 17. O-O Qe7 18. a4 O-O-O 19. a5 Nd5 20. Bxd5 exd5 21.
Nxd5 Qe6 22. Nf4 Bxf4 23. Bxf4 Be4 24. Qe2 Qf5 25. Qg4 Qxg4 26. hxg4 h3 27. f3
hxg2 28. Kxg2 Bd5 29. Rfe1 Rde8 30. Kf2 Kd7 31. Rxe8 Rxe8 32. Rh1 Bc4 33. Be3
b6 34. axb6 axb6 35. Ra1 b5 36. Ra7+ Ke6 37. Rc7 Bd5 38. Ra7 Re7 39. Ra8 Rb7
40. Bh6 b4 41. Bf8 bxc3 42. bxc3 Kd7 43. Kg3 Rb1 44. Ra7+ Ke8 45. Bb4 Rh1 46.
Re7+ Kd8 47. Re3 Rh6 48. Re1 Be6 49. Bf8 Rg6 50. Kf4 Rg8 51. Bb4 Kd7 52. Ra1
Kc7 53. Be7 Rg6 54. Ra5 Kb6 55. Rc5 Kc7 56. Ra5 Kb6 57. Bd8+ Kb7 58. Rc5 Kc8
59. Ba5 Kd7 60. Rh5 Rg8 61. Rh6 Rg6 62. Rh8 Bd5 63. Rd8+ Ke7 64. Ra8 Be6 65.
Ra7+ Kf8 66. Bb4+ Kg7 67. Rc7 Bd5 68. Rc8 Kh7 69. c4 Bxc4 70. Rxc6 Bd5 71. Rd6
Bc4 72. d5 Rh6 73. Rd7 Kg6 74. d6 Rh1 75. Rc7 Be6 76. Ke4 Rb1 77. Bc5 Rb8 78.
Kd4 Rd8 79. Bb4 f5 80. gxf5+ Kxf5 81. Ke3 Bd7 82. Ba5 Ke6 83. Rc4 Re8 84. Rd4
Kf6+ 85. Kf4 Ra8 86. Bc3 Ke6 87. Bb4 Ra4 88. Re4+ Kd5 89. Bc3 1/2-1/2

[Event "PILSEN OPEN 2018 - FIDE open"]
[Site "Plzen"]
[Date "2018.11.24"]
[Round "7"]
[White "Hajek, Jiri"]
[Black "Jezek, Jan"]
[Result "1/2-1/2"]
[WhiteElo "2078"]
[BlackElo "2171"]
[PlyCount "135"]
[EventDate "2018.11.18"]

1. e4 g6 2. d4 Bg7 3. Nc3 d6 4. g3 Nc6 5. Be3 Nf6 6. h3 O-O 7. Bg2 e5 8. Nge2
Bd7 9. O-O Re8 10. Qd2 exd4 11. Nxd4 Nxd4 12. Bxd4 Bc6 13. Rfe1 Qd7 14. Rad1
Rad8 15. Nd5 Bxd5 16. exd5 b6 17. g4 Rxe1+ 18. Qxe1 Ne8 19. Bxg7 Nxg7 20. Qc3
Re8 21. Rd4 Qe7 22. Rc4 Qe1+ 23. Bf1 Qxc3 24. Rxc3 Re7 25. Bb5 a5 26. Kg2 Kf8
27. Kf3 h6 28. a3 f5 29. Kg3 Kf7 30. f3 g5 31. Kf2 f4 32. Rc4 Ne8 33. c3 Nf6
34. Bc6 Re5 35. Rd4 Ke7 36. Rd3 Nh7 37. b4 Nf8 38. c4 Nd7 39. Bxd7 Kxd7 40.
bxa5 bxa5 41. Rb3 Re8 42. a4 Re5 43. Kf1 Kc8 44. Kf2 c6 45. Rb6 cxd5 46. Rxd6
dxc4 47. Rc6+ Kd7 48. Rxc4 Kd6 49. Rc8 Kd5 50. Rh8 Re6 51. Ra8 Kc4 52. Rxa5 Kb4
53. Rf5 Kxa4 54. h4 Rg6 55. hxg5 hxg5 56. Ke2 Re6+ 57. Kf2 Rg6 58. Ke2 Re6+ 59.
Kd3 Re3+ 60. Kd2 Rxf3 61. Rxg5 Rg3 62. Ke2 Kb4 63. Rg8 Kc4 64. g5 Kd4 65. g6
Ke4 66. Re8+ Kf5 67. Rf8+ Kxg6 68. Rxf4 1/2-1/2

[Event "PILSEN OPEN 2018 - FIDE open"]
[Site "Plzen"]
[Date "2018.11.24"]
[Round "7"]
[White "Eret, Jonas"]
[Black "Vlk, Miloslav"]
[Result "1-0"]
[WhiteElo "2223"]
[BlackElo "1978"]
[PlyCount "73"]
[EventDate "2018.11.18"]

1. d4 d5 2. Nf3 Nf6 3. Bf4 Bf5 4. e3 e6 5. Be2 Bd6 6. Bg3 Ne4 7. Nbd2 Nd7 8.
Nxe4 dxe4 9. Nd2 Bxg3 10. hxg3 O-O 11. c3 c5 12. O-O Qc7 13. b4 cxb4 14. cxb4
e5 15. g4 Bg6 16. Rc1 Qb6 17. Nc4 Qf6 18. d5 Rfd8 19. Na5 Qb6 20. Qb3 Nf6 21.
Rc5 Ne8 22. Rb5 Qa6 23. Nxb7 Rdc8 24. Nc5 Qd6 25. Ra5 Nc7 26. Rd1 f6 27. Ba6
Re8 28. Bb7 Rab8 29. Bc6 Red8 30. Nb7 Rxb7 31. Bxb7 Rb8 32. Bc6 Rxb4 33. Qa3
Bf7 34. Ra4 a5 35. Rxa5 Bxd5 36. Bxd5+ Nxd5 37. Raxd5 1-0

[Event "PILSEN OPEN 2018 - FIDE open"]
[Site "Plzen"]
[Date "2018.11.24"]
[Round "7"]
[White "Michalczak, Thomas"]
[Black "Svetly, Jiri"]
[Result "1-0"]
[WhiteElo "2163"]
[BlackElo "1885"]
[PlyCount "113"]
[EventDate "2018.11.18"]

1. e4 d6 2. d4 Nf6 3. Nc3 g6 4. f4 Bg7 5. Nf3 c5 6. dxc5 Qa5 7. Bd3 Qxc5 8. Qe2
Nc6 9. Be3 Qa5 10. O-O Bg4 11. Qe1 O-O 12. a3 a6 13. Kh1 Rac8 14. f5 e6 15. Qh4
exf5 16. exf5 Bxf3 17. Rxf3 Ne5 18. Rh3 Nxd3 19. Ne4 Nh5 20. cxd3 d5 21. Ng3
Bf6 22. Bg5 Bxg5 23. Qxg5 Nxg3+ 24. hxg3 f6 25. Qh6 Qc7 26. fxg6 Qg7 27. gxh7+
Kh8 28. Qh5 f5 29. Qe2 Rc7 30. Rf1 Qf6 31. Rf4 Rxh7 32. g4 Rxh3+ 33. gxh3 d4
34. Qf2 Qc6+ 35. Kh2 Qd6 36. Kg2 Qd5+ 37. Kg3 Qe5 38. Qxd4 Qxd4 39. Rxd4 fxg4
40. hxg4 Rf7 41. Rf4 Rd7 42. d4 Kg7 43. Kf3 Kg6 44. Re4 Kg5 45. Re5+ Kg6 46.
Ke4 Rc7 47. Kd3 Kf6 48. g5+ Kg6 49. d5 Rc1 50. Kd2 Rc5 51. b3 a5 52. Kd3 b6 53.
a4 Rc1 54. Kd4 Rc2 55. Re6+ Kxg5 56. Rxb6 Kf4 57. Rb5 1-0

[Event "PILSEN OPEN 2018 - FIDE open"]
[Site "Plzen"]
[Date "2018.11.24"]
[Round "7"]
[White "Barbier, Astrid"]
[Black "Schaefer, Reyk"]
[Result "1-0"]
[WhiteElo "1931"]
[BlackElo "2136"]
[PlyCount "97"]
[EventDate "2018.11.18"]

1. e4 c6 2. d4 d5 3. exd5 cxd5 4. Bd3 Nc6 5. Nf3 Bg4 6. c3 Qc7 7. Be3 e6 8.
Nbd2 Nf6 9. h3 Bh5 10. Qe2 Bd6 11. g4 Bg6 12. Bxg6 hxg6 13. O-O-O Rb8 14. Kb1
b5 15. Ng5 Na5 16. h4 Nc4 17. h5 gxh5 18. gxh5 b4 19. Nxc4 dxc4 20. Bd2 bxc3
21. Bxc3 Nd5 22. Ka1 Bf4 23. Nxe6 fxe6 24. Qxe6+ Ne7 25. d5 Rb6 26. Qe4 O-O 27.
Rdg1 Nf5 28. Ba5 Qe5 29. Qxe5 Bxe5 30. Bxb6 axb6 31. h6 c3 32. bxc3 Bxc3+ 33.
Kb1 Rd8 34. hxg7 Bxg7 35. Rg6 Rxd5 36. Rxb6 Rd2 37. a4 Nd6 38. a5 Nc4 39. Rb8+
Kf7 40. a6 Bd4 41. Rb7+ Kg6 42. a7 Bxa7 43. Rxa7 Rxf2 44. Rhh7 Ne5 45. Rh8 Re2
46. Rc8 Kf5 47. Ra5 Kf4 48. Rf8+ Ke4 49. Rxe5+ 1-0

[Event "PILSEN OPEN 2018 - FIDE open"]
[Site "Plzen"]
[Date "2018.11.24"]
[Round "7"]
[White "Folkova, Martina"]
[Black "Ochedzan, Tymon"]
[Result "0-1"]
[WhiteElo "2014"]
[BlackElo "1944"]
[PlyCount "88"]
[EventDate "2018.11.18"]

1. e4 c5 2. Nf3 d6 3. d4 cxd4 4. Nxd4 Nf6 5. Nc3 a6 6. Bg5 e6 7. f4 h6 8. Bh4
Qb6 9. Qd2 Qxb2 10. Rb1 Qa3 11. Bxf6 gxf6 12. f5 Nc6 13. fxe6 fxe6 14. Nxc6
bxc6 15. e5 dxe5 16. Ne4 Be7 17. Be2 h5 18. Rb3 Qa4 19. c4 f5 20. O-O fxe4 21.
Qe3 Qxa2 22. Bd1 Qa5 23. Qxe4 Bd7 24. Bxh5+ Kd8 25. Bg4 Kc7 26. Kh1 Qc5 27. Rd1
Rad8 28. Qb1 Bc8 29. Re1 Rh4 30. h3 Rdh8 31. Re4 Rf8 32. Qe1 Rh7 33. Bf3 Bd6
34. Qb1 Rhf7 35. Rg4 e4 36. Rxe4 Qf2 37. Re2 Qg3 38. Qg1 Rxf3 39. Qb6+ Kd7 40.
gxf3 Rh8 41. Qa7+ Ke8 42. Rxe6+ Bxe6 43. Qa8+ Kf7 44. Rb7+ Kg6 0-1

[Event "PILSEN OPEN 2018 - FIDE open"]
[Site "Plzen"]
[Date "2018.11.24"]
[Round "7"]
[White "Paldus, Petr"]
[Black "Richters, Marc"]
[Result "1-0"]
[WhiteElo "2014"]
[BlackElo "1927"]
[PlyCount "83"]
[EventDate "2018.11.18"]

1. e4 c5 2. Nc3 Nc6 3. Nf3 d6 4. g3 g6 5. Bg2 Bg7 6. d3 Bg4 7. h3 Bd7 8. O-O e6
9. Nb5 Bc8 10. c3 a6 11. Na3 Nge7 12. Be3 h6 13. d4 cxd4 14. Nxd4 Nxd4 15. Bxd4
e5 16. Be3 Be6 17. Qd2 Qd7 18. Rfd1 Bxh3 19. Qxd6 Qxd6 20. Rxd6 Nc8 21. Rd2 Be6
22. Rad1 O-O 23. b3 Bf6 24. Kh2 Be7 25. Nc2 a5 26. Bh3 f5 27. f4 a4 28. fxe5
axb3 29. Nd4 Bc5 30. Nxe6 Bxe3 31. Re2 bxa2 32. Ra1 Bc5 33. Nxf8 Kxf8 34. Rexa2
Rxa2+ 35. Rxa2 Ne7 36. exf5 gxf5 37. Rb2 b6 38. Kg2 Nd5 39. Kf3 Nxc3 40. Bxf5
h5 41. Rc2 Bd4 42. e6 1-0

[Event "PILSEN OPEN 2018 - FIDE open"]
[Site "Plzen"]
[Date "2018.11.24"]
[Round "7"]
[White "Prats Alonso, Oscar"]
[Black "Giemsa, Alexander"]
[Result "1-0"]
[WhiteElo "1984"]
[BlackElo "1921"]
[PlyCount "79"]
[EventDate "2018.11.18"]

1. e4 e5 2. Nf3 Nc6 3. Bb5 d6 4. O-O a6 5. Ba4 b5 6. Bb3 Bg4 7. c3 Nf6 8. d3
Be7 9. a4 O-O 10. Bg5 h6 11. Bxf6 Bxf6 12. Na3 b4 13. Nc4 bxc3 14. bxc3 Rb8 15.
Rb1 Bg5 16. Ne3 Bh5 17. Qe2 Kh8 18. Bc4 a5 19. Rb5 Rxb5 20. axb5 Ne7 21. h3 Qd7
22. g4 Bxe3 23. Qxe3 Bxg4 24. hxg4 Qxg4+ 25. Kh1 f5 26. Nh2 Qh4 27. Qg3 Qh5 28.
Rg1 g5 29. f3 fxe4 30. dxe4 Rf4 31. Kg2 Nf5 32. exf5 Rxc4 33. Ng4 Rxc3 34. Rh1
Rc2+ 35. Nf2 Qf7 36. Rxh6+ Kg7 37. Qxg5+ Kf8 38. Rh8+ Qg8 39. Qxg8+ Ke7 40.
Qe6# 1-0

[Event "PILSEN OPEN 2018 - FIDE open"]
[Site "Plzen"]
[Date "2018.11.24"]
[Round "7"]
[White "Riekenbrauk, Joerg"]
[Black "Aird, Ian"]
[Result "1/2-1/2"]
[WhiteElo "1926"]
[BlackElo "1852"]
[PlyCount "49"]
[EventDate "2018.11.18"]

1. e4 e5 2. Nf3 Nc6 3. Nc3 Nf6 4. d4 exd4 5. Nd5 Be7 6. Nxd4 O-O 7. Bf4 d6 8.
Nb5 Nxd5 9. exd5 Ne5 10. Be2 Ng6 11. Bg3 Bf6 12. c3 Be5 13. Bxe5 dxe5 14. O-O
a6 15. Na3 Re8 16. g3 Bh3 17. Re1 Qg5 18. Qc1 Qf5 19. Qe3 Nf4 20. Bf3 Ng6 21.
Nc4 Rad8 22. Rad1 b5 23. Be4 Qh5 24. Bf3 Qf5 25. Be4 1/2-1/2

[Event "PILSEN OPEN 2018 - FIDE open"]
[Site "Plzen"]
[Date "2018.11.24"]
[Round "7"]
[White "Molnar, Ladislav"]
[Black "Krueger, Thomas"]
[Result "0-1"]
[WhiteElo "1779"]
[BlackElo "1547"]
[PlyCount "40"]
[EventDate "2018.11.18"]

1. e4 d5 2. exd5 Nf6 3. d4 Qxd5 4. c4 Qe4+ 5. Be3 e5 6. Bd3 Qxg2 7. dxe5 Qxh1
8. f3 Nfd7 9. Qe2 Bc5 10. e6 fxe6 11. Nd2 O-O 12. O-O-O Bxe3 13. Qxe3 Qxh2 14.
Qxe6+ Kh8 15. Ne2 Nc5 16. Qe7 Nxd3+ 17. Kc2 Qd6 18. Qh4 Nb4+ 19. Kc1 Qd3 20.
Nd4 Nxa2# 0-1